Science Quiz

Random Science or Biology Quiz

Largest Organisms Quiz Stats

Quiz Updated Jan 4, 2016

Challenge
Share
Tweet
Embed
Score 0/10 Timer 05:00
1 Play Today
Category Organism % Correct
Largest Land AnimalBush Elephant (species of African Elephant)
98.1%
Tallest Land AnimalGiraffe
97.5%
Largest AnimalBlue Whale
95.1%
Largest Coral ReefGreat Barrier Reef
87.7%
Largest Tree
(by volume)
Giant Sequoia
81.9%
Largest LizardKomodo dragon
78.1%
Largest InvertebrateColossal Squid
69%
Largest FlowerRafflesia (Corpse Flower)
24.9%
Largest Root SystemPando, a grove of quaking aspens
14.8%
Largest FungusHoney Mushroom
10.7%

You're not logged in!

Compare scores with friends on all Sporcle quizzes.
Sign Up with Email
OR
Log In

You Might Also Like...

Show Comments

Extras

Top Quizzes Today


Score Distribution

Your Account Isn't Verified!

In order to create a playlist on Sporcle, you need to verify the email address you used during registration. Go to your Sporcle Settings to finish the process.